00219nam a2200085Ia 4500008004100000100000900041245004400050260003000094300000900124190216s9999||||xx |||||||||||||| ||und|| aNull 0a"Foreign Exchange Regulation Act, 1973" bCentral Law Agenccyc1986 a102p